ბათუმის შოთა რუსთაველის სახელმწიფო უნივერსიტეტის ბიბლიოთეკა

ჩანაწერი Personal Name

ჩანაწერთა რაოდენობა, რომელიც გამოყენებულია: 1

001 - CONTROL NUMBER

  • control field: 19878

003 - CONTROL NUMBER IDENTIFIER

  • control field: GE_BSU

005 - DATE AND TIME OF LATEST TRANSACTION

  • control field: 20230922103441.0

008 - FIXED-LENGTH DATA ELEMENTS

  • fixed length control field: 230922|| aca||aabn | a|a d

040 ## - CATALOGING SOURCE

  • Original cataloging agency: GE_BSU
  • Transcribing agency: GE_BSU

100 ## - HEADING--PERSONAL NAME

  • Personal name: ბრიქსი, ჰეზერ
  • Relator term: რედაქტორი.

670 ## - SOURCE DATA FOUND

  • Source citation: Work cat.: (GE_BSU): კუპრაშვილი, ნათია 19876, კონსტრუქციული აგროჟურნალისტიკა = Constructive agricultural journalism = Конструктивная агрожурналистика :